000 00538cam a2200205 4500
001 M1589
008 090401t1972 xxu||||| |||| 00| 0 eng d
035 _a(Sirsi) u33125
041 _aeng
110 _aBuilding Research Station
_9203
245 _aAshphalt and built-up felt roofings: duribility.
260 _aGarston, Watford
_bBRE
_c1972
300 _a4p. : ill. ; 30cm
350 _a0
490 _aBuilding Research Station Digest
_v144
650 _aFELT ROOFS
650 _aFLAT ROOFS
942 _n0
948 _c04/03/1997
999 _c89777
_d89777